The Artist by himself : self-portrait drawings from youth to old age /

Bibliographic Details
Other Authors: Kinneir, Joan
Format: Book
Language:English
Published: New York : St. Martin's Press, 1980.
Subjects:

MARC

Tag First Indicator Second Indicator Subfields
LEADER 00000cam a22000008i 4500
001 in00000047200
005 20151007065458.0
008 790613s1980 nyua 00000 eng
010 |a  78020726   |z  79020726  
020 |a 031205498X :  |c $19.95 
035 |a (OCoLC)05101049 
035 |9 AAE2072AM 
040 |a DLC  |c DLC  |d TXA  |d UtOrBLW 
049 |a TXAM  |c [1497588] 
050 0 0 |a NC772  |b .A77 
082 0 |a 743/.9/2 
245 0 4 |a The Artist by himself :  |b self-portrait drawings from youth to old age /  |c edited by Joan Kinneir ; introd. by David Piper. 
263 |a 7910 
264 1 |a New York :  |b St. Martin's Press,  |c 1980. 
300 |a 224 pages :  |b illustrations ;  |c 26 cm. 
336 |a text  |b txt  |2 rdacontent 
337 |a unmediated  |b n  |2 rdamedia 
338 |a volume  |b nc  |2 rdacarrier 
650 0 |a Self-portraits. 
650 0 |a Portrait drawing. 
700 1 |a Kinneir, Joan. 
999 |a MARS 
999 f f |s e23efa93-fb7d-32ce-b8a1-b693c1b5dacc  |i 36ee2c1f-3786-3ebf-8053-875d334b5968  |t 0 
952 f f |p normal  |a Texas A&M University  |b College Station  |c Sterling C. Evans Library  |d Evans: Library Stacks  |t 0  |e NC772 .A77  |h Library of Congress classification  |i unmediated -- volume  |m A14803463458 
998 f f |a NC772 .A77  |t 0  |l Evans: Library Stacks